Αμοργός
Το βιβλίο αυτό παρουσιάζει την πρώτη έκδοση της "Αμοργού" που κυκλοφόρησε το 1943. Περιλαμβάνει το ποιήμα, καθώς και τις χειρόγραφες παρτιτούρες του Μάνου Χατζηδάκι για το συγκεκριμένο έργο....
Uloženo v:
| Hlavní autor: | |
|---|---|
| Médium: | Kniha |
| Jazyk: | Greek |
| Vydáno: |
Αθήνα :
Ίκαρος,
1963
|
| Vydání: | 2η έκδ. |
| Témata: |
| LEADER | 01306namaa2200253 4500 | ||
|---|---|---|---|
| 001 | main_132 | ||
| 003 | GR-kkKDBK | ||
| 005 | 20191001211147.0 | ||
| 006 | a|||||r||||||||||| | ||
| 008 | 001207s1963uuuu###|||| |||||u||||||gre d | ||
| 040 | |a GR-kkKDBK |b gre |d GR-kkKDBK |e AACR2 | ||
| 082 | 0 | |a 889.1 | |
| 100 | 1 | |4 aut |a Γκάτσος, Νίκος, |d 1911-1992 |9 47094 | |
| 245 | 1 | 0 | |a Αμοργός |
| 250 | |a 2η έκδ. | ||
| 260 | |a Αθήνα : |b Ίκαρος, |c 1963 | ||
| 300 | |a σ. ; |c 24 εκ. | ||
| 500 | |a με τέσσερα σχέδια του Ν. Χατζηκυριάκου-Γκίκα | ||
| 520 | |a Το βιβλίο αυτό παρουσιάζει την πρώτη έκδοση της "Αμοργού" που κυκλοφόρησε το 1943. Περιλαμβάνει το ποιήμα, καθώς και τις χειρόγραφες παρτιτούρες του Μάνου Χατζηδάκι για το συγκεκριμένο έργο. | ||
| 650 | 4 | |a Ελληνική ποίηση |9 67825 | |
| 700 | 1 | |a Γκάτσος, Νίκος, |d 1911-1992 |t Αμοργός |9 82233 | |
| 942 | |c BK | ||
| 999 | |c 12913 |d 12913 | ||
| 952 | |0 0 |1 0 |2 ddc |4 0 |6 889_100000000000000_ΓΚΑ |7 0 |9 19931 |a KDBK |b KDBK |c LCG |d 2006-11-01 |i 0000000002011 |l 12 |m 1 |o 889.1 ΓΚΑ |p 0000000002011 |r 2022-01-11 |s 2022-01-05 |w 2019-04-28 |x [ΑΡΕ: Κ3866] |y BK | ||